000 00674nam a2200229Ia 4500
003 GCL
008 140319s9999 xx 000 0 ara d
040 _aGCL /
_cGCL
082 0 4 _a743.45
_bم ت
100 1 _aمحمود البسيونى
245 1 0 _aتحليل رسوم الاطفال /
_cمحمود البسيونى
260 _a[S.N] :
_bدار المعارف ،
_c1987
300 _a373 ص
490 _a
650 0 4 _aالفنون
650 0 4 _aالرسم
650 0 4 _aالفنون التشكيلية
650 0 4 _aالاطفال فى الفن
650 0 4 _aالرسم بالالوان
650 0 4 _aالاطفال الموهوبون
942 _2ddc
_cBK
999 _c58555
_d58555